Ortadoğu ülkelerine dair istatistikler (Kayıt no. 2350)
[ düz görünüm ]
| 000 -BAŞLIK | |
|---|---|
| Sabit Uzunlukta Kontrol Alanı | 01105na a2200325 4500 |
| 001 - KONTROL NUMARASI | |
| Denetim Alanı | 15229 |
| 003 - KONTROL NUMARASI IDENTIFIER | |
| Denetim Alanı | MIRAKIL |
| 005 - SON İŞLEM TARİHİ VE ZAMANI | |
| Denetim Alanı | 20181213154854.0 |
| 008 - SABİT-BOY VERİ ELEMANLARI - GENEL BİLGİLER | |
| Sabit Uzunlukta Kontrol Alanı | 161006b tu 000 0 |
| 020 ## - ULUSLARARASI STANDART KİTAP NUMARASI | |
| Uluslararası Standart Kitap Numarası | 9786055330002 |
| 035 ## - SİSTEM KONTROL NUMARASI | |
| Sistem Kontrol Numarası | 15229 |
| 040 ## - KATALOGLAMA KAYNAK | |
| Orijinal Kataloglama Ajansı | Milas |
| Kataloglama Dili | tur |
| Metne Dönüştürmek Ajansı | TR-AnCHP |
| 041 ## - DİL KODU | |
| Metin / Ses Parça Veya Ayrı Başlığın Dil Kodu | tur |
| 082 ## - DEWEY ONLU SINIFLANDIRMA NUMARASI | |
| Sınıflandırma Numarası | 315.6 |
| Ürün Numarası | O67o 2011 |
| 090 ## - SINIFLAMA NUMARASI | |
| Sınıflama Numarası | 315.6 O67o 2011 |
| 245 ## - BAŞLIK TABLOSU | |
| Başlık | Ortadoğu ülkelerine dair istatistikler |
| Başlığın Kalan | = statistics of the Middle Eastern countries |
| Sorumluluk Tablosu, Vb | hazırlayanlar Hasan Kanbolat, Sercan Doğan |
| 260 ## - YAYIN, DAĞITIM, VB | |
| Yayın, Dağıtım, Vb Yeri | Ankara |
| Yayıncı, Dağıtıcı, Vs Adı | Ortadoğu Stratejik Araştırmalar Merkezi (ORSAM) |
| Yayın, Dağıtım, Vb Tarihi | 2011 |
| 300 ## - FİZİKSEL TANIM | |
| Kapsam | 232 s. |
| Diğer Fiziksel Ayrıntıları | tbl. |
| Boyutlar | 21 sm. |
| 500 ## - GENEL NOT | |
| Genel Not | Rapor no: 72 |
| 650 ## - KONU KATMA GİRİŞ - TOPİKAL DÖNEM | |
| Kronolojik Alt Bölümü | İstatistikler |
| 651 ## - KONU KATMA GİRİŞ - COĞRAFİ ADI | |
| Coğrafi İsim | Orta Doğu |
| Genel Alt Bölümü | Savunma |
| Kronolojik Alt Bölümü | İstatistikler |
| 651 ## - KONU KATMA GİRİŞ - COĞRAFİ ADI | |
| Coğrafi İsim | Orta Doğu |
| Genel Alt Bölümü | Çevre |
| Kronolojik Alt Bölümü | İstatistikler |
| 651 ## - KONU KATMA GİRİŞ - COĞRAFİ ADI | |
| Coğrafi İsim | Orta Doğu |
| Genel Alt Bölümü | Toplum |
| Kronolojik Alt Bölümü | İstatistikler |
| 651 ## - KONU KATMA GİRİŞ - COĞRAFİ ADI | |
| Coğrafi İsim | Orta Doğu |
| Genel Alt Bölümü | Ekonomi |
| Kronolojik Alt Bölümü | İstatistikler |
| 651 ## - KONU KATMA GİRİŞ - COĞRAFİ ADI | |
| Coğrafi İsim | Orta Doğu |
| Genel Alt Bölümü | Uluslararası ilişkiler |
| Kronolojik Alt Bölümü | İstatistikler |
| 700 ## - KATMA GİRİŞ - KİŞİSEL İSİM | |
| Kişisel Ad | Doğan, Sercan |
| 700 ## - KATMA GİRİŞ - KİŞİSEL İSİM | |
| Kişisel Ad | Kanbolat, Hasan |
| 710 ## - KATMA GİRİŞ - KURUMSAL ADI | |
| Giriş Elemanı Olarak Kurumsal Ad Veya Yargı Alanı Adı | Ortadoğu Stratejik Araştırmalar Merkezi (ORSAM) |
| 942 ## - EKLENDİ GİRİŞ ELEMANLARI (KOHA) | |
| Sınıflandırma Veya Raf Düzeni Kaynak | Dewey Decimal Classification |
| Koha Öğesi Türü | Kitaplar |
| 999 ## - SİSTEM KONTROL NUMARALARI (KOHA) | |
| Koha Biblionumber | 2350 |
| Koha Biblioitemnumber | 2350 |
| Kalıcı Konum | Mevcut Konum | Edinme Tarihi | Edinim Kaynak | Toplam Check-Out'Lar | Tam Çağrı Numarası | Barkod | Tarih Son Görülme | İtibaren Geçerli Fiyatlar | Koha Öğesi Türü |
|---|---|---|---|---|---|---|---|---|---|
| CHP Kütüphanesi | CHP Kütüphanesi | 09/06/2016 | Bağış | 315.6 O67o 2011 | 003818 | 09/06/2016 | 09/06/2016 | Kitaplar |
